000 00813nam a2200253 i 4500
001 150192
003 ES-MaACL
005 20250817062559.0
007 t|
008 071029s1977 sp ||||1| spa d
080 _a809.24-5"11"(04)
080 _a92 Abraham Ibn Ezra:801
100 1 _aValle, Carlos del.
_9112754
245 1 3 _aLa obra gramatical de Abraham Ibn'Ezra /
_cCarlos del Valle Rodríguez.
260 _aMadrid :
_bFundación Juan March,
_c[1977]
300 _a56 p. ;
_c21 cm.
490 1 _aSerie Universitaria ;
_v14
600 0 4 _aAbraham ben'Ezra,
_d1092-1167
_918124
650 1 4 _aLengua hebrea-
_xGramática-
_vHistoria.
_914261
710 2 _aFundación Juan March
_94346
830 0 _aSerie Universitaria ;
_v14
_9180747
852 _aES-MaACL
_jA-7395
_bR.95747
999 _c150192
_d150192